| 000 | 00951nam a2200313 a 4500 | ||
|---|---|---|---|
| 999 |
_c1914 _d1914 |
||
| 001 | 1914 | ||
| 003 | BD-JhCC | ||
| 005 | 20171026125610.0 | ||
| 008 | 010621s2001 nyua a 001 0beng | ||
| 020 | _a0446528382 | ||
| 035 | _a(BD-JhCC)1914 | ||
| 040 |
_aDLC _cDLC _dDLC |
||
| 041 | _aeng | ||
| 050 | 0 | 0 |
_aHD9697.A3 _bU584 2001 |
| 082 | 0 | 0 |
_a338.7/62138/092 _aB _221 _bWAL 2001 |
| 100 | 1 |
_aWelch, Jack, _d1935- |
|
| 245 | 1 | 0 |
_aJack : _bstraight from the gut / _cJack Welch ; with John A. Byrne. |
| 260 |
_aNew York : _bWarner Books, _cc2001. |
||
| 300 |
_axvi, 479 p. : _bill. ; _c24 cm. |
||
| 500 | _aIncludes index. | ||
| 600 | 1 | 0 |
_aWelch, Jack, _d1935- |
| 610 | 2 | 0 | _aGeneral Electric Company |
| 650 | 0 |
_aChief executive officers _zUnited States _vBiography. |
|
| 650 | 0 |
_aElectric industries _zUnited States _xManagement. |
|
| 650 | 0 |
_aIndustrial management _zUnited States. |
|
| 700 | 1 | _aByrne, John A. | |
| 942 |
_2ddc _cBK |
||